Moreana
| Autor Corporativo: | |
|---|---|
| Formato: | Electrónico Revista |
| Lenguaje: | inglés francés |
| Publicado: |
Angers [France] :
Association Amici Thomae Mori
|
| Materias: | |
| Acceso en línea: | Full text available from Research Library: 03/01/1968 to 12/31/1969 Full text available from Research Library: 01/01/1978 to 12/31/2017 |
MARC
| LEADER | 00000nas a2200000 a 4500 | ||
|---|---|---|---|
| 001 | ssj0000651535 | ||
| 003 | WaSeSS | ||
| 005 | 20200512172242.0 | ||
| 006 | m d | ||
| 007 | cr n | ||
| 008 | 750921c19639999fr fr p s 0 a0eng | ||
| 010 | |a 89655766 |z 86010395 |z sf 81001085 | ||
| 016 | 7 | |a 302129-4 |2 DE-600 | |
| 016 | 7 | |a 100969155 |2 DNLM | |
| 016 | 7 | |a 012411428 |2 Uk | |
| 022 | |l 0047-8105 |y 0047-8105 | ||
| 035 | |a (WaSeSS)ssj0000651535 | ||
| 040 | |a DLC |b eng |c MUL |d SUL |d YUS |d COO |d NYG |d IUL |d BTI |d AIP |d OCL |d AIP |d IUL |d DLC |d NST |d OCL |d NST |d DLC |d NST |d IUL |d NLM |d OCLCQ |d LVB |d OCLCQ |d GUA |d IUL |d CUI |d OCLCQ |d DLC |d UKMGB |d DEBSZ |d EUM |d OCLCA |d DLC |d OCLCQ |d OCLCF |d OCLCQ |d UEJ |d OCLCQ |d MNU |d OCLCA |d WaSeSS | ||
| 041 | 0 | |a eng |a fre | |
| 042 | |a nsdp |a pcc | ||
| 050 | 0 | 0 | |a PR2322 |b .M66 |
| 050 | 1 | 4 | |a DA334 M8 M6 |
| 082 | 0 | 4 | |a 942.052 |
| 210 | 0 | |a Moreana | |
| 222 | 0 | |a Moreana | |
| 245 | 0 | 0 | |a Moreana |h [electronic resource]. |
| 246 | 3 | 0 | |a Gazette Thomas More |
| 246 | 3 | 0 | |a Thomas More gazette |
| 246 | 1 | 3 | |a Bulletin Thomas More |
| 246 | 1 | 3 | |a Moreana, gazette |f Nov. 1981, Dec. 1982, <Nov. 1983-> |
| 260 | |a Angers [France] : |b Association Amici Thomae Mori | ||
| 310 | |a Semiannual, |b 2008- | ||
| 321 | |a Quarterly, |b 1963-2007 | ||
| 362 | 1 | |a Began with no. 1 in Sept. 1963. | |
| 500 | |a Last issue for 1979 has title: Gazette Thomas More; last issues for 1980, 1982-<1983> have title: Thomas More gazette. | ||
| 500 | |a Some issues have also a distinctive title. | ||
| 506 | |a License restrictions may limit access. | ||
| 515 | |a Issues no. 49-<120> called also v. 13-<v. 31> | ||
| 515 | |a Beginning in 1979, the last issue of the year called also no. 1-<no. 5> | ||
| 515 | |a Some issues published in combined form. | ||
| 546 | |a English and French. | ||
| 550 | |a "Organe de l'Association Amici Thomae Mori." | ||
| 555 | |a Vols. 1 (1963)-10 (1973). 1 v.; v. 1 (1963)-20 (1983) as v. 21, no 81; v. 21 (1984)-30 (1993), as v. 31, no. 120; 1994-2003, as v. 42, 1 (Dec. 2005). | ||
| 588 | |a Description based on: No. 8 (Nov. 1965); title from cover. | ||
| 588 | |a Latest issue consulted: Vol. 45, no. 173 (June 2008). | ||
| 600 | 1 | 0 | |a More, Thomas, |c Saint, |d 1478-1535 |v Periodicals. |
| 600 | 1 | 6 | |a More, Thomas, |c saint, |d 1478-1535 |v Périodiques. |
| 600 | 1 | 7 | |a More, Thomas, |c Saint, |d 1478-1535. |2 fast |0 (OCoLC)fst01801298 |
| 655 | 0 | |a Electronic journals. | |
| 710 | 2 | |a Amici Thomae Mori. | |
| 850 | |a CU-Riv |a DLC |a InU |a NjR | ||
| 856 | 4 | 0 | |z Full text available from Research Library: 03/01/1968 to 12/31/1969 |u https://search.proquest.com/publication/1876335 |
| 856 | 4 | 0 | |z Full text available from Research Library: 01/01/1978 to 12/31/2017 |u https://search.proquest.com/publication/1876335 |